Ruca compra sapatos novos (Registo nº 4199)

Detalhes MARC
000 -Etiqueta do registo
Cabeçalho 00811nam0a2200265 4500
005 - Identificador da versão
Campo de controlo 20240813122055.0
010 ## - Número internacional normalizado dos livros (ISBN)
Número (ISBN) 9724144658
021 ## - Número do Depósito Legal
Código do país PT
Número 235529/05
100 ## - Dados gerais de processamento
Dados gerais de processamento 20170309d2005 bc y0pory5003 ba
102 ## - Pais de publicação ou produção
País de publicação Portugal
101 1# - Língua de publicação
Língua do texto, banda sonora, etc. Português
Língua do documento no original Francês
215 ## - Descrição física 
Indicação específica da natureza do documento e extensão da espécie [26] p.
Outras indicações físicas il. color
200 1# - Titulo e menção de responsabilidade
Título próprio Ruca compra sapatos novos
Primeira menção de responsabilidade adapt. Marion Johnson a partir do argumento da série televisiva Ruca
Outras menções de responsabilidade trad. e adapt. de Sara Costa
225 1# - Colecção 
Título próprio da colecção Ruca.
Nome de uma parte ou secção Livros com surpresa
Indicação de volume 1
205 ## - Menção da edição
Menção da edição 2ª ed
210 ## - Publicação, Distribuição, etc. 
Lugar da edição, distribuição, etc. Porto
Nome do editor, distribuidor, etc. Asa
Data da publicação, distribuição, etc. 2005
606 ## - Nome comum usado como assunto
Número de registo de entrada de autoridade 0001419
Palavra de ordem Literatura francesa
Subdivisão de assunto Conto
Código do sistema CA
675 ## - Classificação Decimal Universal (CDU)
Notação 821.133.1-34
Edição 3ª ed.
Língua da edição por
702 #1 - Nome de autor-pessoa física (responsabilidade secundária)
Número de registo de entrada de autoridade 0000856
Palavra de ordem Johnson
Outra parte do nome não tomada para palavra de ordem Marion
Código de função Adaptador
Número de registo de entrada de autoridade 0001732
Palavra de ordem Costa
Outra parte do nome não tomada para palavra de ordem Sara
Código de função Tradutor
-- Adaptador
966 ## - Identificação da Biblioteca
Sigla EBVEN
942 ## - Elementos de entrada adicionados (Koha)
Tipo de item no Koha Livro
Exemplares
Situação do levantamento Origin of item (home branch) (coded) Biblioteca de empréstimo Código de barras Cota Circulation type (not for loan) Tipo de documento Nota do exemplar Damaged status
  Biblioteca Escolar das Vendas Biblioteca Escolar das Vendas BEV1514 8EST RUC   Livro Sem mensagem